00510nam a2200133Ia 4500008004100000024005600041082002000097100009600117245006000213260002600273600002700299650003300326999001700359260210s9999 xx 000 0 und d a12B-64-EL, 12B-78-EL, 12B-79-EL & 12B-80-EL a629.2772072 MUH aMuhammad Muzzamil Ejaz, Wasiq Shaikh, Muhammad Arsalan Arshad & Muhammad Rizwan Kamleen 0aTo Reduce the Moisture in Coal for Fine Burning Purpose aKarachi:bUITU,c2012 aElectrical Engineering aBachelor of Engineering (BE) c33185d33185